Los derechos de las personas mayores

Bibliographic Details
Main Author: Seijas Villadongos , Esther
Corporate Author: Boletn̕ Oficial del Estado (Espaą)
Format: Unknown
Language:Spanish
Published: [Madrid] : Boletn̕ Oficial del Estado, 2004
Subjects:
Online Access:Acceso restringido

MARC

LEADER 00000ny a22000003n 4500
005 20110621101517.0
008 080626s2004 sp s 000 0 spa c
020 |a 8434015242 
035 |a 1790 
040 |a UMA.RE  |d vLex 
080 |a 342.7-053.9(460)(0.034) 
090 |c 899  |d 899 
100 1 |a Seijas Villadongos , Esther 
245 1 4 |a Los derechos de las personas mayores  |h [Recurso electrn̤ico]  |c Esther Seijas Villadongos 
256 |a Servicio en ln̕ea 
260 |a [Madrid] :  |b Boletn̕ Oficial del Estado,  |c 2004 
506 1 |a Contenido solo disponible en los productos indicados  |d vLex Global  |d vLex Global (Academic Edition, excluding Law Schools)  |d vLex Global (U.S. Academic Edition, Law Schools)  |d vLex Global (U.S. Academic Edition, excluding Law Schools)  |d vLex Global (Academic Edition, Law Schools) 
650 0 7 |a Medios alternativos de solucin̤ de conflictos  |2 Tesauro vLex 
650 0 7 |a Procesal  |2 Tesauro vLex 
650 0 7 |a Proteccin̤ a la tercera edad  |2 Tesauro vLex 
650 0 7 |a Derechos de la persona  |2 Tesauro vLex 
710 2 |a Boletn̕ Oficial del Estado (Espaą) 
740 0 |a vLex Libros (Servicios en ln̕ea) 
856 4 0 |u http://vlex.com/source/1790  |z Acceso restringido 
942 |c BOOK 
999 0 |a Old people  |b Procedure (Law)  |v En ln̕ea